000 00589 a2200193 4500
999 _c8197
_d8197
010 _aENG-88347
020 _c395.00
_a8121612012
035 _aEN-71880
037 _bDBAD / PUB
082 0 0 _a658.00954
100 _aRao, S.L.
245 1 0 _aFrom servants to masters?/
_cby S.L. Rao ; edited by Maithreyi Krishna Raj
260 _aNew Delhi
_bGlobal Business Press
_c2007
270 _bNew Delhi
_e110 003
_aJ-40, Jorbagh Lane
300 _a426p.
_c24cm (pbk)
500 _aIncludes index
700 _aMaithreyi Krishna Raj
942 _adpl
_cEN
_2ddc
_h658.00954
_mRAO